Music Quiz

Random Music or Song Quiz

Allison Iraheta: Just Like You Quiz Stats

 Plays Quiz not verified by Sporcle

Score 0/13 Timer 03:00
0 Plays Today
Album Song Title % Correct
Just Like YouJust Like You
97.4%
Just Like YouDon't Waste The Pretty
97.4%
Just Like YouScars
97.4%
Just Like YouFriday I'll Be Over You
94.9%
Just Like YouRobot Love
94.9%
Just Like YouPieces
87.2%
Just Like YouD is for Dangerous
87.2%
Just Like YouBeat Me Up
84.6%
Just Like YouHoliday
82.1%
Just Like YouTrouble Is
76.9%
Just Like YouNo One Else
76.9%
Just Like YouYou Don't Know Me
76.9%
Just Like YouStill Breathing
71.8%

You're not logged in!

Compare scores with friends on all Sporcle quizzes.
OR
Log In

Show Comments

Extras

Top Quizzes Today


Score Distribution

Your Account Isn't Verified!

In order to create a playlist on Sporcle, you need to verify the email address you used during registration. Go to your Sporcle Settings to finish the process.

Report this User

Report this user for behavior that violates our Community Guidelines.

Details: